000
00289nam a2200109Ia 4500
008
220204s9999 xx 000 0 und d
082
_a
339.5
_b
SHO;3
100
_a
SHOURIE, H D
245
0
_a
UNCTAD.II. A step forward
260
_a
New Delhi
_b
Indian Inst of Foreign Trade
_c
1968
942
_c
BK
999
_c
21680
_d
21680